[Event "SVK-chT4 A21 2223"]
[Site "Slovakia"]
[Date "2023.02.12"]
[Round "8.5"]
[White "Novomesky, Roman"]
[Black "Zurek, Jakub"]
[Result "1-0"]
[WhiteElo "1301"]
[BlackElo "1208"]
[PlyCount "51"]
[EventDate "2022.10.09"]
[EventType "team-tourn"]
[EventRounds "11"]
[EventCountry "SVK"]
[SourceTitle "EXT 2024"]
[Source "ChessBase"]
[SourceDate "2023.10.10"]
[SourceVersion "1"]
[SourceVersionDate "2023.10.10"]
[SourceQuality "1"]
[WhiteTeam "Stefanov"]
[BlackTeam "Holic II"]
[WhiteTeamCountry "SVK"]
[BlackTeamCountry "SVK"]

1. d4 d5 2. c4 Nf6 3. Nf3 e6 4. Bg5 Be7 5. Nc3 c6 6. e3 Nbd7 7. cxd5 cxd5 8. Bb5 0-0 9. 0-0 b6 10. Rc1 Bb7 11. Qa4 a6 12. Bxd7 Nxd7 13. Bxe7 Qxe7 14. Ne2 Rac8 15. Rc3 Rxc3 16. Nxc3 e5 17. Nxe5 Nxe5 18. dxe5 Qxe5 19. Qd7 Qg5 20. Qxb7 d4 21. exd4 Qd2 22. Qxb6 Re8 23. Qc6 Rd8 24. d5 Qxb2 25. Re1 h6 26. g3 1-0

[Event "SVK-chT3A2 2122"]
[Site "Slovakia"]
[Date "2022.05.08"]
[Round "7.8"]
[White "Madzo, Anton"]
[Black "Zurek, Jakub"]
[Result "1-0"]
[WhiteElo "1456"]
[BlackElo "1000"]
[PlyCount "51"]
[EventDate "2021.10.10"]
[EventType "team-tourn"]
[EventRounds "11"]
[EventCountry "SVK"]
[SourceTitle "EXT 2024"]
[Source "ChessBase"]
[SourceDate "2023.10.10"]
[SourceVersion "1"]
[SourceVersionDate "2023.10.10"]
[SourceQuality "1"]
[WhiteTeam "Vrbove"]
[BlackTeam "Holic"]
[WhiteTeamCountry "SVK"]
[BlackTeamCountry "SVK"]

1. d4 Nc6 2. c4 e5 3. d5 Nd4 4. e3 Nf5 5. Bd3 d6 6. Nc3 g6 7. Nge2 Nf6 8. e4 Nd4 9. Nxd4 exd4 10. Ne2 Bg7 11. Bg5 0-0 12. 0-0 Ng4 13. Bxd8 Rxd8 14. Ng3 h5 15. h3 Nh6 16. f4 f5 17. exf5 gxf5 18. Qxh5 Rf8 19. Rae1 Bd7 20. Re7 Rf7 21. Rfe1 Rxe7 22. Rxe7 Ba4 23. b3 Re8 24. Rxe8+ Bxe8 25. Qxe8+ Kh7 26. Bxf5+ 1-0